000 01023cam a2200325 a 4500
999 _c21042
_d21042
001 12520376
003 BDDh-ASL
005 20231015025949.0
008 010830s1998 xxka 001 0 eng
010 _a 2001289972
020 _a1853726400
025 _aUK-E-2001289972
035 _a(DLC) 200128997
040 _aDLC
_cDLC
_dDLC
_dBDDh-ASL
042 _alcode
050 0 0 _aBP130.2
_b.A56 1998
082 _a297.01
_bAHR
100 1 _aAhmad, Tahir,
_d1928-2003.
245 1 0 _aRevelation, rationality knowledge and truth /
_cMirza Tahir Ahmad.
260 _aSurrey :
_bIslam International Publications,
_c1998.
300 _axxvi, 756 p. :
_bill. (some col.) ;
_c24 cm.
504 _aIncludes bibliographical references and indexes.
546 _aQuotations in Arabic; some in Urdu.
630 0 0 _aQurʼan
_xHermeneutics.
650 0 _aRevelation
_xIslam.
650 0 _aRationalism
906 _a7
_bcbc
_corigode
_d3
_encip
_f20
_gy-gencatlg
942 _2ddc
_cBK